Численное моделирование гидродинамики потоков жидкости в подъёмных трубах нефтяных скважин при спуске электроцентробежного насоса ниже интервала перфорации; Проблемы геологии и освоения недр

Sonraí bibleagrafaíochta
Parent link:Проблемы геологии и освоения недр.— 2007.— С. 401-402
Príomhchruthaitheoir: Зарипов М. Т.
Rannpháirtithe: Арбузов В. Н. (научный руководитель)
Teanga:Rúisis
Foilsithe / Cruthaithe: 2007
Ábhair:
Formáid: Caibidil leabhair
KOHA link:https://koha.lib.tpu.ru/cgi-bin/koha/opac-detail.pl?biblionumber=179998

MARC

LEADER 00000naa2a2200000 4500
001 179998
005 20231031170625.0
035 |a (RuTPU)RU\TPU\book\195131 
090 |a 179998 
100 |a 20100505d2007 k y0rusy50 ca 
101 0 |a rus 
102 |a RU 
200 1 |a Численное моделирование гидродинамики потоков жидкости в подъёмных трубах нефтяных скважин при спуске электроцентробежного насоса ниже интервала перфорации  |f М. Т. Зарипов  |g науч. рук. В. Н. Арбузов 
320 |a Библиогр.: 7 назв. 
463 0 |0 (RuTPU)RU\TPU\book\140171  |y 5-89503-079-3  |t Проблемы геологии и освоения недр  |o [сборник]  |o труды XI международного симпозиума имени академика М. А. Усова студентов и молодых учёных, посвященного 80-летию академика, Президента международного горного конгресса, Лауреата государственной премии СССР М. И. Щадову  |f Томский политехнический университет (ТПУ), Институт геологии и нефтегазового дела  |v С. 401-402  |d 2007  |p 764 с. 
610 1 |a гидродинамика 
610 1 |a жидкость 
610 1 |a численное моделирование 
610 1 |a нефтяные скважины 
610 1 |a трубы 
610 1 |a электроцентробежные насосы 
610 1 |a спуск 
610 1 |a Крапивинское месторождение 
610 1 |a труды учёных ТПУ 
700 1 |a Зарипов  |b М. Т. 
702 1 |a Арбузов  |b В. Н.  |4 727 
801 1 |a RU  |b 63413507  |c 20100505 
942 |c BK